00452nam a2200169Ia 4500008004100000020001300041040001900054041001200073082002700085100003000112245003500142260002900177300001800206650001500224700002300239850002000262131103s9999 xx 000 0 und d cRs.85.00 aLoreto College aEnglish a006.7/MULbLCLIB/48307 aLaw Point Editorial Board aMultimediacLP Editorial Board aKolkatabLaw Pointc2004 a191p c 22 cm aMultimedia aLP Editorial Board aLCLIB/006.7/MUL